00848nam a2200229Ia 4500999001500000020001800015082001700033100002100050245005800071250001200129260004900141300001600190440005000206504001900256650004500275650005500320650004100375650004600416700002600462942000700488952012300495 c3836d3836 a1-56308-706-5 a025.21 EVA-; aEvans, G. Edward 0aDeveloping library and information center collections a4th ed. aGreenwood VillagebLibraries Unlimitedc2004 axxvi, 595p. aLibrary and Information Science Text Series aincludes index aAcquisitions (Libraries) - United States aCollection development (Libraries) - United States aInformation services - United States aInformation storage and retrieval systems aZarnosky, Margaret R. cBK 00104070aNASSDOCbNASSDOCd2004-11-17eBBSi2004-10-22l0o025.21 EVA-;p40206r2019-04-18 00:00:00w2019-04-18yBK